00365nam a22001337a 450000500170000001000130001702000230003003500130005310000210006624500430008726000320013027000510016230000180021320191022143005.0 aB-215777 a8129111470c195.00 aB-215777 aRavi Subramanian aIf God Was a BankercSubramanian, Ravi aNew DelhibRupa & Co.c2007 a7/16 Ansari Road Darya ganjbNew Delhie110002 a260p.c21c.m.